000
00478nam a2200169Ia 4500
008
090711s9999 xx 000 0 und d
082
_b
1586
100
_a
सोनग्रा रतनलाल
245
_a
सोनजातक
260
_c
1998
300
_a
109
600
_a
सोनग्रा रतनलाल
630
_a
सोनजातक
700
_a
सोनग्रा रतनलाल
730
_a
सोनजातक
942
_c
BOOK
999
_c
334466
_d
334466